FARELİ KÖYDE ÜÇ GÜN (Record no. 1153608)

MARC details
000 -LEADER
sabit uzunluktaki kontrol alanı 00252nam a2200097Ia 4500
001 - KONTROL NUMARASI
kontrol alanı 1153608
005 - EN SON İŞLEMİN TARİH VE ZAMANI
kontrol alanı 20250827011128.0
008 - SABİT-UZUNLUKTA VERİ ÖĞELERİ--GENEL BİLGİ
sabit uzunluktaki kontrol alanı 250824s9999 xx 000 0 und d
245 #0 - ESER / YAZAR
ESER ADI FARELİ KÖYDE ÜÇ GÜN
Yazar Adı ŞENGÜL ASAL
260 ## - YAYIN, DAĞITIM, VB.
YAYIN EVİ AKVARYUM YAYINEVİ
Holdings
Düşüm durumu Kayıp durumu Hasar Durumu Ödünç verilmez Ana kütüphane Geçerli Kütüphane Edinilen tarih Toplam ödünç verme sayısı Barkod Son görüntüleme tarihi Fiyatın geçerli olmaya başladığı tarih Koha materyal türü
        BÜYÜKBAYRAM ORTAOKULU BÜYÜKBAYRAM ORTAOKULU 24.08.2025   10069050 27.08.2025 27.08.2025 Books